000 00244nam a2200097Ia 4500
008 190216s9999||||xx |||||||||||||| ||und||
100 _aAmmini K Vargheese
245 0 _aMolsankalpanam Resathanthrathil
260 _bKerala Basha Inst
942 _cBK
999 _c37699
_d37699